<?xml version="1.0" encoding="UTF-8"?><?xml-stylesheet type="text/xsl" href="static/style.xsl"?><OAI-PMH xmlns="http://www.openarchives.org/OAI/2.0/" xmlns:xsi="http://www.w3.org/2001/XMLSchema-instance" xsi:schemaLocation="http://www.openarchives.org/OAI/2.0/ http://www.openarchives.org/OAI/2.0/OAI-PMH.xsd"><responseDate>2026-04-14T05:25:53Z</responseDate><request verb="GetRecord" identifier="oai:www.recercat.cat:10256/18796" metadataPrefix="marc">https://recercat.cat/oai/request</request><GetRecord><record><header><identifier>oai:recercat.cat:10256/18796</identifier><datestamp>2024-05-22T11:25:47Z</datestamp><setSpec>com_2072_452966</setSpec><setSpec>com_2072_2054</setSpec><setSpec>col_2072_452968</setSpec></header><metadata><record xmlns="http://www.loc.gov/MARC21/slim" xmlns:dcterms="http://purl.org/dc/terms/" xmlns:xsi="http://www.w3.org/2001/XMLSchema-instance" xmlns:doc="http://www.lyncode.com/xoai" xsi:schemaLocation="http://www.loc.gov/MARC21/slim http://www.loc.gov/standards/marcxml/schema/MARC21slim.xsd">
   <leader>00925njm 22002777a 4500</leader>
   <datafield ind2=" " ind1=" " tag="042">
      <subfield code="a">dc</subfield>
   </datafield>
   <datafield ind2=" " ind1=" " tag="720">
      <subfield code="a">Fagián Núñez, Karen</subfield>
      <subfield code="e">author</subfield>
   </datafield>
   <datafield ind2=" " ind1=" " tag="260">
      <subfield code="c">2020-06-01</subfield>
   </datafield>
   <datafield ind2=" " ind1=" " tag="520">
      <subfield code="a">L’increment de la prevalença del Media Multitasking ha intensificat les preocupacions envers l’impacte d’aquest fenomen en el control cognitiu, el rendiment acadèmic i el funcionament socioemocional dels joves. L’objectiu del present estudi era explorar la relació entre el Media Multitasking, el dèficit atencional, les dificultats acadèmiques i la Intel·ligència socioemocional. La mostra estava formada per 54 estudiants d’entre 14 i 16 anys. Es va calcular l’Índex de Media Multitasking i Media Multitasking mentre es fan els deures; es va considerar el nombre d’assignatures suspeses el primer trimestre; la intel·ligència socioemocional es va avaluar mitjançant el BarOn EQ-i:YV-S; i el dèficit atencional es va valorar aplicant el CPT-3 a una submostra d’adolescents (n=10). Els alumnes que realitzaven més Media Multitasking van reportar un pitjor rendiment atencional i més dificultats acadèmiques. No s’han trobat relacions significatives entre l’atenció i les dificultats d’aprenentatge. Tampoc entre la Intel·ligència Socioemocional i el Media Multitasking. Donades les limitacions d’aquest estudi, seria interessant que futures investigacions continuessin indagant en la relació entre aquestes variables, ja que formen part de dominis essencials per al desenvolupament dels adolescents.</subfield>
   </datafield>
   <datafield ind2=" " ind1=" " tag="520">
      <subfield code="a">The increased prevalence of Media multitasking has raised concerns about the impact of this phenomenon on the cognitive control, academic performance and social-emotional functioning of adolescents. The present study aimed to explore the relationship between Media Multitasking, attention deficit, academic difficulties and Socio-emotional Intelligence. The sample was comprised by 54 students aged between 14 and 16. The Index of Media Multitasking and Media Multitasking while doing homework were calculated; the number of failed subjects in the first quarter was considered; the Socio-emotional Intelligence was assessed by the BarOn EQ-i:YV-S; and the attention deficit was evaluated by applying the CPT-3 to a subsample of adolescents (n=10). The students who Media Multitask more reported a worse performance in attention tasks and more academic difficulties. There is no significant relationship between attention and learning difficulties, neither between Socio-emotional Intelligence and Media Multitasking. Given the limitations of this study, it would be interesting for future research to continue investigating the relationship between these variables, which are part of essential domains for the development of adolescents</subfield>
   </datafield>
   <datafield ind1="8" ind2=" " tag="024">
      <subfield code="a">http://hdl.handle.net/10256/18796</subfield>
   </datafield>
   <datafield tag="653" ind2=" " ind1=" ">
      <subfield code="a">Rendiment escolar</subfield>
   </datafield>
   <datafield tag="653" ind2=" " ind1=" ">
      <subfield code="a">Academic achievement</subfield>
   </datafield>
   <datafield tag="653" ind2=" " ind1=" ">
      <subfield code="a">Adolescents</subfield>
   </datafield>
   <datafield tag="653" ind2=" " ind1=" ">
      <subfield code="a">Teenagers</subfield>
   </datafield>
   <datafield tag="653" ind2=" " ind1=" ">
      <subfield code="a">Intel·ligència emocional</subfield>
   </datafield>
   <datafield tag="653" ind2=" " ind1=" ">
      <subfield code="a">Emotional intelligence</subfield>
   </datafield>
   <datafield tag="653" ind2=" " ind1=" ">
      <subfield code="a">Habilitats socials</subfield>
   </datafield>
   <datafield tag="653" ind2=" " ind1=" ">
      <subfield code="a">Social skills</subfield>
   </datafield>
   <datafield tag="653" ind2=" " ind1=" ">
      <subfield code="a">Media multitasking</subfield>
   </datafield>
   <datafield tag="653" ind2=" " ind1=" ">
      <subfield code="a">Dèficit d'atenció</subfield>
   </datafield>
   <datafield tag="653" ind2=" " ind1=" ">
      <subfield code="a">Attention-deficit</subfield>
   </datafield>
   <datafield ind2="0" ind1="0" tag="245">
      <subfield code="a">Impacte del Media Multitaskingen l'Atenció, el Context Acadèmic i la Intel·ligència Socioemocional en una mostra d'adolescents d'Educació Secundària</subfield>
   </datafield>
</record></metadata></record></GetRecord></OAI-PMH>